Normale Ansicht MARC-Ansicht ISBD

Zucker, Sirup und Stärke für ganz Europa. (Titelsatznr. 370787)

[ MARC ]
MARC-Details
000 -Satzkennung
Kontrollfeld mit fester Länge 00790nam a22002057a 4500
008 - Feld mit fester Länge zur physischen Beschreibung - Allgemeine Angaben
Kontrollfeld mit fester Länge 201130b ||||| |||| 00| 0 eng d
040 ## - Katalogisierungsquelle
Katalogisierungssprache ger
Übertragungsstelle DE-2950
Beschreibungsfestlegungen rda
Original-Katalogisierungsstelle DE-2950
041 ## - Sprachcode
Sprachcode des Textes/der Tonspur oder des separaten Titels ger
100 ## - Person oder Familie als 1. geistiger Schöpfer
Personenname Kelm, Hartmut:
245 ## - Titel
Haupttitel Zucker, Sirup und Stärke für ganz Europa.
Titelzusatz Lost Places: ... Ein weitgehend verlassener Ort ist der Koehlmannhof in der Lebuser Vorstadt. Wie kam es zum Bau des Werkes /
Verantwortlichkeitsangabe Hartmut Kelm
264 ## - Veröffentlichungsangabe, Vertriebsangabe, Herstellungsangabe
Erscheinungs-, Vertriebs-, Herstellungsdatum 2021
653 ## - Lokales Schlagwort
Nicht-normierter Term Frankfurt (Oder)
653 ## - Lokales Schlagwort
Nicht-normierter Term Koehlmann-Werk 1860-1945
653 ## - Lokales Schlagwort
Nicht-normierter Term Dextrin-Herstellung
773 ## - Übergeordnete Einheit
Ort, Verlag und Erscheinungsjahr Frankfurt (Oder): Märkisches Verlags- und Druckhaus GmbH & Co KG
Verknüpfungsangaben 32. Jahrgang (2021) Nr. 209 vom 08.09.2021, S. 16
Titel Märkische Oderzeitung
942 ## - Zusätzliche Felder (Koha)
Koha-Medientyp Aufsätze
Exemplare
Ausgeschieden Verloren Beschädigt Nicht entleihbar Permanenter Standort Aktueller Standort Aufstellungsort Eingabedatum Anzahl Ausleihen Signatur Letzte Aktivität Preis gültig von Medientyp
        Stadtarchiv Frankfurt (Oder) | Archivbibliothek Stadtarchiv Frankfurt (Oder) | Archivbibliothek Magazin 17/09/2021   Z2 17/09/2021 17/09/2021 Aufsätze